| 000 | 02252cam a22005534i 4500 | ||
|---|---|---|---|
| 003 | PE-LiUPU | ||
| 005 | 20250731184535.0 | ||
| 008 | 150623s r 000 0 d | ||
| 020 | _a0931500087 | ||
| 035 | _a(Sirsi) i9780931500084 | ||
| 040 |
_aPE-LiUPU _bspa _cPE-LiUPU _erda |
||
| 049 | _aPRUA | ||
| 082 | 0 | 4 |
_a935 _bO62 _221 |
| 245 | 0 | 4 |
_aThe origins of cities in dry-farming Syria and Mesopotamia in the third millennium B.C. / _cedited by Harvey Weiss. |
| 264 | 1 |
_aGuilford, Connecticut : _bFour Quarters Publishing Co., _c1986. |
|
| 300 |
_a167 páginas : _bilustraciones, cuadros, gráficos ; _c24 centímetros |
||
| 336 |
_atext _2rdacontent |
||
| 337 |
_aunmediated _2rdamedia |
||
| 338 |
_avolume _2rdacarrier |
||
| 504 | _aBibliografía al final de cada capítulo. | ||
| 505 | 0 | _aThe dry farming belt: the Uruk period and subsequent developments. -Mortuary evidence and social stratification in the ninevite V period. -The origins of tell Chuera. -The origins of tell Leilan and the comquest of space in third millennium Mesopotamia. -Agriculture and accountability in ancient mesopotamia. -Mental maps and idelogy: reflections on subartu. -Ebla and Lagash: enviromental contrast. | |
| 526 | _aP136 | ||
| 526 | _aP135 | ||
| 526 | _aP134 | ||
| 526 | _aP133 | ||
| 526 | _aP144 | ||
| 526 | _aP143 | ||
| 526 | _aP87 | ||
| 526 | _aP35 | ||
| 526 | _aP20 | ||
| 526 | _aP14 | ||
| 526 | _aP10 | ||
| 526 | _aP06 | ||
| 650 | 0 | 4 |
_aAgricultura _zIraq _xHistoria. |
| 650 | 0 | 4 |
_aAgricultura _zSiria _xHistoria. |
| 650 | 0 | 4 |
_aCiudades y pueblos antiguos _zIraq. |
| 650 | 0 | 4 |
_aCiudades y pueblos antiguos _zSiria. |
| 650 | 0 | 4 |
_aIraq _xAntigüedades. |
| 650 | 0 | 4 |
_aIraq _xCivilización _ya 634. |
| 650 | 0 | 4 |
_aSiria _xAntigüedades. |
| 650 | 0 | 4 |
_aSiria _xCivilización. |
| 700 | 1 |
_aWeiss, Harvey, _d1945-, _eed. |
|
| 942 |
_2ddc _cBOOK |
||
| 949 |
_a935 O62 _wDEWEY _c1 _i48228 _lCCODEBUL1 _mBUL _r0 _sY _tBOOK _u2015-6-24 _xTEOLOGIA _PP35 _0COMPRA _o.STAFF. Colección General |
||
| 994 |
_aC0 _bPEPRU |
||
| 596 | _a1 | ||
| 999 |
_a935 O62 _wDEWEY _c25261 _i48228 _f2021-11-11 _g5 _lCCODEBUL1 _mBUL _r0 _sY _tBOOK _u2015-6-24 _xTEOLOGIA _PP35 _0COMPRA _o.STAFF. Colección General _d25261 |
||
| 980 |
_81 _gALBERTO SANCHEZ Responsable de Automatización |
||